COMMUNICATION FOR MANAGEMENT (Record no. 189655)

MARC details
000 -LEADER
fixed length control field 00322nam a22001337a 4500
020 ## - INTERNATIONAL STANDARD BOOK NUMBER
International Standard Book Number 978-93-81771-08-2
082 ## - DEWEY DECIMAL CLASSIFICATION NUMBER
Classification number 658.45 DEE/CO
100 ## - MAIN ENTRY--PERSONAL NAME
Personal name DEEPALI MONGA,R.N.JHA
245 ## - TITLE STATEMENT
Title COMMUNICATION FOR MANAGEMENT
250 ## - EDITION STATEMENT
Edition statement 2
260 ## - PUBLICATION, DISTRIBUTION, ETC. (IMPRINT)
Place of publication, distribution, etc. NEWDELHI
Name of publisher, distributor, etc. SAVERA PUBLISHING HOUSE
Date of publication, distribution, etc. 2012
300 ## - PHYSICAL DESCRIPTION
Extent 286
942 ## - ADDED ENTRY ELEMENTS (KOHA)
Source of classification or shelving scheme Dewey Decimal Classification
Koha item type Books (General)
Holdings
Withdrawn status Lost status Source of classification or shelving scheme Damaged status Not for loan Collection code Home library Current library Shelving location Date acquired Cost, normal purchase price Total Checkouts Full call number Date last seen Date checked out Price effective from Koha item type
    Dewey Decimal Classification     Malayalam College of Co-operation, Banking & Management Library, Vellanikkara College of Co-operation, Banking & Management Library, Vellanikkara   11/09/2017 275.00 3 658.45 DEE/CO 14/02/2019 24/01/2019 11/09/2017 Books (General)
Kerala Agricultural University Central Library
Thrissur-(Dt.), Kerala Pin:- 680656, India
Ph : (+91)(487) 2372219
E-mail: librarian@kau.in
Website: http://library.kau.in/